|
|
|
|
| LEADER |
00000ny a22000003n 4500 |
| 005 |
20110509151249.0 |
| 008 |
950713c19uu9999sp mr 0 b spa |
| 035 |
|
|
|a 121
|
| 040 |
|
|
|a BUS
|d vlex
|
| 090 |
|
|
|c 1481
|d 1481
|
| 245 |
0 |
0 |
|a Comentarios a las Resoluciones de la Direccin̤ General de Registros y Notariado
|h [Recurso electrn̤ico]
|
| 256 |
|
|
|a Servicio en ln̕ea
|
| 260 |
|
|
|a Barcelona :
|b vLEX
|
| 506 |
1 |
|
|a Contenido solo disponible en los productos indicados
|d vLex Global
|d vLex Global (Academic Edition, excluding Law Schools)
|d vLex Global (U.S. Academic Edition, Law Schools)
|d vLex Global (U.S. Academic Edition, excluding Law Schools)
|d vLex Global (Academic Edition, Law Schools)
|
| 610 |
2 |
4 |
|a Espaą.
|b Direccin̤ General de Registros y Notariado
|
| 740 |
0 |
|
|a vLex Revista (Servicios en ln̕ea)
|
| 843 |
|
|
|a Electrn̤ica. Abierta
|
| 853 |
|
|
|8 1
|i (year)
|j (month)
|k (day)
|
| 856 |
4 |
0 |
|z Acceso restringido
|u http://vlex.com/source/resoluciones-dgrn-comentarios-121
|
| 942 |
|
|
|c REV
|